International marketing

Gespeichert in:
Bibliographische Detailangaben
1. Verfasser: Fayerweather, John
Format: Buch
Sprache:Undetermined
Veröffentlicht: New York New York University 1970
Schlagworte:
Tags: Tag hinzufügen
Keine Tags, Fügen Sie den ersten Tag hinzu!
Thư viện lưu trữ: Trung tâm Học liệu Trường Đại học Cần Thơ
LEADER 00485nam a2200169Ia 4500
001 CTU_79129
008 210402s9999 xx 000 0 und d
082 |a 658.8 
082 |b F283 
100 |a Fayerweather, John 
245 0 |a International marketing 
245 0 |c John Fayerweather 
260 |a New York 
260 |b New York University 
260 |c 1970 
650 |a Export maketing,International business enterprises 
980 |a Trung tâm Học liệu Trường Đại học Cần Thơ